Statistics for Countries Not Blacked Out - World Map

Click here to take the quiz!

General Stats

  • This quiz has been taken 95 times
  • The average score is 22 of 23

Answers on the Map

Answers color-coded by a green-red scale on the quiz's map according to % correct below.
 

Answer Stats

Answer% Correct
Egypt
100%
Denmark (Greenland)
99%
Russia
99%
United States of America
99%
Algeria
98%
Argentina
98%
Canada
98%
Chile
98%
Libya
98%
Morocco
98%
Brazil
97%
Tunisia
97%
China
95%
Nepal
95%
Peru
94%
India
93%
Bhutan
92%
Chad
91%
Myanmar
91%
Niger
91%
Bangladesh
90%
Sudan
90%
Kiribati
71%

Score Distribution

Percentile by Number Answered

Percent of People with Each Score

Your Score History

You have not taken this quiz